000 00502nam a2200193 i 4500
001 71893
003 ES-MaACL
005 20230906171249.0
007 t|
008 040820s1962 sp ||||1| spa d
100 1 _aGielen, Charles.
_956683
245 1 3 _aLa Caridad no muere /
_cCharles Gielen.
260 _aMadrid :
_bEuramérica,
_c[1962]
300 _a309 p. ;
_c18 cm.
490 1 _aCáritas
830 0 _aCáritas
_9231094
852 _aES-MaACL
_jG-9859
_bR.51229
999 _c71893
_d71893